000 01386nam2a22002411 4500
001 rc\3150047
005 20250530072347.0
035 _a(NLR Aleph) 007295907
090 _a5659119
_c5659119
100 _a20120615d1975 |||y0rusy50 ca
101 0 _arus
102 _aRU
105 _ay z |||||
200 1 _a... по Главспецавтотрансу
210 _d1975
_aБ. м.
215 _a[1], 16, 13 л.
333 _aДСП. Экз. № 000029
461 0 _1001rc\3150045
_12001#$aРекомендации по внедрению прогрессивной технологии, механизации и автоматизации производственных процессов в 1976 году...$fМ-во автомоб. пром-сти СССР. НИИ технологии автомоб. пром-сти НИИТ автопром$v[2]
_95659103
_cМосква
_d1975
_fМ-во автомоб. пром-сти СССР. НИИ технологии автомоб. пром-сти НИИТ автопром
_nБ. и.
_tРекомендации по внедрению прогрессивной технологии, механизации и автоматизации производственных процессов в 1976 году...
_v[2]
801 0 _aRU
_bNLR
_gpsbo
801 1 _aRU
_bELAR
_2rusmarc
852 _aNLR
_j75-50К/3731
942 _cBOOK
980 _aNB